000
00365nam a22001457a 4500
005
20251108164737.0
008
250721s1981 xx 000 0 ara d
245
1
0
_a
كوليرا 1981 /
264
1
_a
عمان :
_b
وزارة الصحة،
_c
1981.
300
_a
92ص.
650
1
7
_a
الامراض
650
1
7
_a
الكوليرا
942
_2
ddc
_c
BK
999
_c
13265
_d
13265